000 00548cam a2200169 4500500
005 20260329005802.0
041 _afre
042 _adc
100 1 0 _aMoreau, Anne-Sophie
_eauthor
245 0 0 _aIl était une “mauvaise foi” le télétravail
260 _c2025.
500 _a6
690 _aAnne-Sophie Moreau
690 _aTélétravail
786 0 _nPhilosophie magazine | 186 | 1-2 | 2025-02-01 | p. 19-19 | 1951-1787
856 4 1 _uhttps://shs.cairn.info/magazine-philosophie-magazine-2025-2-page-19?lang=fr&redirect-ssocas=7080
999 _c1846596
_d1846596